<?xml version="1.0" encoding="UTF-8"?>
<record
    xmlns:xsi="http://www.w3.org/2001/XMLSchema-instance"
    xsi:schemaLocation="http://www.loc.gov/MARC21/slim http://www.loc.gov/standards/marcxml/schema/MARC21slim.xsd"
    xmlns="http://www.loc.gov/MARC21/slim">

  <leader>02030    a2200241   4500</leader>
  <controlfield tag="003">Nust</controlfield>
  <controlfield tag="005">20170207154021.0</controlfield>
  <datafield tag="010" ind1=" " ind2=" ">
    <subfield code="a">  2002156230</subfield>
  </datafield>
  <datafield tag="020" ind1=" " ind2=" ">
    <subfield code="a">1931777446 (pbk.)</subfield>
  </datafield>
  <datafield tag="040" ind1=" " ind2=" ">
    <subfield code="c">Nust</subfield>
  </datafield>
  <datafield tag="082" ind1="0" ind2="0">
    <subfield code="a">005.1</subfield>
  </datafield>
  <datafield tag="100" ind1="1" ind2=" ">
    <subfield code="a">Favre, Liliana.</subfield>
  </datafield>
  <datafield tag="245" ind1="1" ind2="0">
    <subfield code="a">UML and the unified process  (E-BOOK)</subfield>
    <subfield code="c">Liliana Favre.</subfield>
  </datafield>
  <datafield tag="260" ind1=" " ind2=" ">
    <subfield code="a">Hershey, Pa. :</subfield>
    <subfield code="b">IRM Press,</subfield>
    <subfield code="c">c2003.</subfield>
  </datafield>
  <datafield tag="300" ind1=" " ind2=" ">
    <subfield code="a">xi, 402 p. :</subfield>
    <subfield code="b">ill. ;</subfield>
    <subfield code="c">26 cm.</subfield>
  </datafield>
  <datafield tag="505" ind1=" " ind2=" ">
    <subfield code="a">Chapter I. Evaluating UML Using a Generic Quality Framework  1 Chapter II. A Generic Framework for Defining Domain-Specific Models  23 Chapter III. On the Application of UML to Designing On-line Business Model. 39 Chapter IV. Specification of Business Components Using Temporal OCL  48 Chapter V. Negotiating Early Reuse of Components &#x2013; A Model-Based Analysis  66 Chapter VI. Enhancing RUP Business Model with Client-Oriented Requirements Models  80 Chapter VII. Introducing Non-functional Requirements in UML  116 Chapter VIII. Formalizing UML Class Diagrams . 129 Chapter IX. Forward Engineering and UML: From UML Static Models to Eiffel Code. 199 Chapter X. Transforming UML Class Diagrams into Relational Data Models  217 Chapter XI. Specification and Checking of Dependency Relations between UML Models  237 Chapter XII. Info-Mathics &#x2013; The Mathematical Modeling of Information Systems  254 Chapter XIII. Use of UML Stereotypes in Business Models  262 Chapter XIV. Extension to UML Using Stereotypes  273 Chapter XV. An Extension to a UML Activity Graph from Workflow 294 Chapter XVI. Business Processes in UML  315 Chapter XVII. The CORAS Methodology: Model-based Risk Assessment Using UMLandUP  332 Chapter XVIII. Towards a UML Profile for Building on Top of Running Software  358 Chapter XIX. A RUP-Based Software Process Supporting Progressive Implementation  375</subfield>
  </datafield>
  <datafield tag="650" ind1=" " ind2="0">
    <subfield code="a">Application software</subfield>
    <subfield code="x">Development.</subfield>
  </datafield>
  <datafield tag="650" ind1=" " ind2="0">
    <subfield code="a">Computer software</subfield>
    <subfield code="x">Development.</subfield>
  </datafield>
  <datafield tag="650" ind1=" " ind2="0">
    <subfield code="a">Software engineering.</subfield>
  </datafield>
  <datafield tag="650" ind1=" " ind2="0">
    <subfield code="a">UML (Computer science)</subfield>
  </datafield>
  <datafield tag="650" ind1=" " ind2="0">
    <subfield code="a">Web site development.</subfield>
  </datafield>
  <datafield tag="651" ind1=" " ind2=" ">
    <subfield code="a">E-BOOK</subfield>
  </datafield>
  <datafield tag="942" ind1=" " ind2=" ">
    <subfield code="2">ddc</subfield>
    <subfield code="c">BK</subfield>
  </datafield>
  <datafield tag="999" ind1=" " ind2=" ">
    <subfield code="c">191683</subfield>
    <subfield code="d">191683</subfield>
  </datafield>
  <datafield tag="952" ind1=" " ind2=" ">
    <subfield code="0">0</subfield>
    <subfield code="1">0</subfield>
    <subfield code="2">ddc</subfield>
    <subfield code="4">0</subfield>
    <subfield code="7">0</subfield>
    <subfield code="8">NFIC</subfield>
    <subfield code="a">MCS</subfield>
    <subfield code="b">MCS</subfield>
    <subfield code="d">2016-12-12</subfield>
    <subfield code="l">0</subfield>
    <subfield code="o">005.1  LIL</subfield>
    <subfield code="p">MCSEB-921</subfield>
    <subfield code="r">2016-12-08</subfield>
    <subfield code="w">2016-12-12</subfield>
    <subfield code="y">BK</subfield>
  </datafield>
</record>
